| 000 | 03177nam a2200517 a 4500 | ||
|---|---|---|---|
| 100 | 1 |
_aАрнаудов, Михаил Петров _933558 |
|
| 999 |
_c123856 _d123856 |
||
| 003 | BLK | ||
| 005 | 20240623004012.0 | ||
| 008 | 180409b bul|||||r ||||||| ||bul|| | ||
| 010 | _aKNG00129519000 | ||
| 040 | _aBLK | ||
| 041 |
_aBUL _cBUL |
||
| 072 | 7 |
_2bullib _aА _xФонд Михаил Арнаудов |
|
| 080 |
_aПериод на кризата на феодализма, зараждане на капиталистически отношения. Възраждане на българския народ (II пол. на ХVIII в. - 1878 г.) _b94(497.2)"1750/1878" _x(092) _z94(497.2)"1750/1878"(092) |
||
| 080 |
_aБългарска литература _b821.163.2 _x(092) _z821.163.2(092) |
||
| 080 |
_aпоп Стойко Владиславов, по-късно Врачански епископ, български народен будител, духовник _b929 Софроний Врачански, св. _z929 Софроний Врачански, св. |
||
| 139 |
_aАрнаудов, Михаил Петров _bС 53 |
||
| 245 | 1 | 0 |
_aСофроний Врачански _b1739 - 1813 _cМихаил Петров Арнаудов. |
| 250 | _a2. изд. | ||
| 257 | _aBGR | ||
| 260 |
_aСофия _bСинод. изд. на Бълг. православна църква _c1947 _fСофия : Синодална печ. |
||
| 300 |
_a98 с. _c19 см |
||
| 380 | _a9 | ||
| 490 |
_9396381 _aЧастна колекция - Академик Михаил Арнаудов _gДарение - Основен фонд |
||
| 500 | _a1. изд. 1943 изд. на М-вото на нар. просв в сер. Библ. Бълг. кн. №10. - 5 000 тир. - Фонд Михаил Арнаудов - Датиране на кн.: Излязла, 20.Х.43., Излязла 6 ноемврий 1947 (инв. № 588110) ; Бележки за Софрония - 3 л. ръкопис (инв. № 319838 ; Ръкописни бележки закачени на с. 84, 85, 94 ; допълнена библиогр(инв.№ 120000820138. - Твърда подв. (инв. № 319838) | ||
| 600 | 1 | 4 |
_aСофроний Врачански _d1739-1813 _cВладиславов, Стойко ; Софроний, епископ Врачански ; Софроний Врачански, св. ; Серафим, монах _9366013 |
| 650 | 4 |
_aСофроний Врачански, св. _9242015 |
|
| 650 | 4 |
_aДуховници, български - биографии _9298331 |
|
| 650 | 0 |
_aПисатели, български - биографии _9243085 |
|
| 651 | 4 |
_aБългария _9241624 |
|
| 653 | _aСофроний Врачански | ||
| 653 | _aвъзрожденци | ||
| 653 | _aбългарски духовници | ||
| 653 | _aбиографии | ||
| 659 | _aА | ||
| 852 |
_aЦб 9.185.24252 _bО |
||
| 852 |
_aМА 27 _bМА |
||
| 856 | 4 | _qpdf | |
| 856 | 4 | _qpdf | |
| 942 |
_cKNG _n0 _s1 |
||
| 944 |
_aCR _c04.04.2012 _lCRON CRON _k |
||
| 944 |
_aED _c2021-09-02 _l2021-09-02 _kК.Д. |
||
| 999 | _d123856 | ||
| 999 | _d123856 | ||
| 999 | _d123856 | ||